000 00408nam a2200169Ia 4500
008 230524s9999 xx 000 0 und d
020 _a812970644X
082 _a621.3821
_bRAO
100 _aB.Visvesvara Rao
245 0 _aElectronic Devices and Circuits
250 _a1ST
260 _aNEW DELHI
_bPearson
_c2005
300 _a408
500 _aQuantity Number: 2
650 _aElectronics
942 _cBK
999 _c9938
_d9938